[Event "Remote S7E Basic-76 email"]
[Site "Remote email"]
[Date "2014.07.31"]
[Round "?"]
[White "Kahl, Karl Heinz"]
[Black "Hahner, Anton"]
[Result "1-0"]
[WhiteElo "2194"]
[BlackElo "2074"]
[PlyCount "33"]
[EventDate "2014.??.??"]
[EventType "tourn (corr)"]
[EventRounds "6"]
[EventCountry "GER"]
[SourceTitle "Corr 2015"]
[Source "ChessBase"]
[SourceDate "2015.07.17"]
[SourceVersion "1"]
[SourceVersionDate "2015.07.17"]
[SourceQuality "1"]

1. d4 Nf6 2. c4 e6 3. Nf3 b6 4. g3 Bb4+ 5. Bd2 Bxd2+ 6. Qxd2 Ba6 7. b3 0-0 8. Bg2 d5 9. 0-0 Qd6 10. Rc1 c6 11. e3 Nbd7 12. Qb2 Bb7 13. b4 a5 14. bxa5 Rxa5 15. cxd5 cxd5 16. Ne5 Nxe5 17. dxe5 1-0

[Event "Remote S7E Starter-57 email"]
[Site "Remote email"]
[Date "2014.07.21"]
[Round "?"]
[White "Hahner, Anton"]
[Black "Kahl, Karl Heinz"]
[Result "0-1"]
[WhiteElo "2074"]
[BlackElo "2194"]
[PlyCount "38"]
[EventDate "2014.??.??"]
[EventType "tourn (corr)"]
[EventRounds "6"]
[EventCountry "GER"]
[SourceTitle "Corr 2015"]
[Source "ChessBase"]
[SourceDate "2015.07.17"]
[SourceVersion "1"]
[SourceVersionDate "2015.07.17"]
[SourceQuality "1"]

1. Nf3 d5 2. d4 c6 3. Bf4 Nf6 4. e3 Bg4 5. c4 Nbd7 6. Nc3 e6 7. Be2 dxc4 8. Bxc4 Nb6 9. Bd3 Bd6 10. h3 Bh5 11. Bg5 Nbd7 12. Qe2 Qa5 13. Bxf6 Nxf6 14. Qc2 Nd5 15. Be4 Bb4 16. 0-0 Bxc3 17. bxc3 Nxc3 18. Ne5 Nxe4 19. Rfc1 Nd6 0-1

[Event "Remote S7E Starter-57 email"]
[Site "Remote email"]
[Date "2014.07.21"]
[Round "?"]
[White "Kahl, Karl Heinz"]
[Black "Roos, Bernhard"]
[Result "1-0"]
[WhiteElo "2194"]
[BlackElo "2020"]
[PlyCount "65"]
[EventDate "2014.??.??"]
[EventType "tourn (corr)"]
[EventRounds "6"]
[EventCountry "GER"]
[SourceTitle "Corr 2015"]
[Source "ChessBase"]
[SourceDate "2015.07.17"]
[SourceVersion "1"]
[SourceVersionDate "2015.07.17"]
[SourceQuality "1"]

1. d4 Nf6 2. c4 e6 3. Nf3 Bb4+ 4. Bd2 c5 5. Bxb4 cxb4 6. e3 0-0 7. Be2 d6 8. 0-0 Nc6 9. a3 bxa3 10. Rxa3 e5 11. Nc3 Bg4 12. h3 Bh5 13. Qd2 Qb6 14. Nd5 Nxd5 15. cxd5 Ne7 16. dxe5 Bxf3 17. exd6 Bxe2 18. dxe7 Bxf1 19. exf8Q+ Kxf8 20. Kxf1 Rd8 21. e4 a6 22. Rc3 Qd6 23. Qc2 f5 24. Rf3 f4 25. Qc1 g5 26. Rc3 Qb4 27. Rc8 Ke8 28. Qc7 Qb5+ 29. Kg1 Qd7 30. Qe5+ Qe7 31. Rxd8+ Kxd8 32. Qb8+ Kd7 33. e5 1-0

[Event "Remote S7E Starter-56 email"]
[Site "Remote email"]
[Date "2014.06.25"]
[Round "?"]
[White "Kahl, Karl Heinz"]
[Black "Mantau, Jan"]
[Result "1-0"]
[WhiteElo "2194"]
[BlackElo "2013"]
[PlyCount "77"]
[EventDate "2014.??.??"]
[EventType "tourn (corr)"]
[EventRounds "6"]
[EventCountry "GER"]
[SourceTitle "Corr 2015"]
[Source "ChessBase"]
[SourceDate "2015.07.17"]
[SourceVersion "1"]
[SourceVersionDate "2015.07.17"]
[SourceQuality "1"]

1. d4 Nf6 2. c4 g6 3. Nc3 Bg7 4. e4 0-0 5. Nf3 d6 6. Be2 e5 7. 0-0 Nc6 8. d5 Ne7 9. Ne1 Ne8 10. Be3 f5 11. f3 f4 12. Bf2 g5 13. c5 Rf7 14. a4 Bf8 15. cxd6 cxd6 16. Nb5 Rg7 17. Nxa7 Bd7 18. Bb5 g4 19. Bxd7 Qxd7 20. Nb5 g3 21. hxg3 fxg3 22. Be3 Ng6 23. Qd2 Qe7 24. Bg5 Nf6 25. Nd3 h6 26. Be3 Nh5 27. Rfc1 Qh4 28. Nc7 Rc8 29. Ne6 Rxc1+ 30. Rxc1 Rf7 31. Ne1 Qh2+ 32. Kf1 Nh4 33. Rc8 Qh1+ 34. Bg1 Nf4 35. Nxf4 Rxf4 36. Rb8 Ng6 37. Rxb7 h5 38. Qc1 h4 39. Qc8 1-0

[Event "Remote Easter Gr.B email"]
[Site "Remote email"]
[Date "2014.05.01"]
[Round "?"]
[White "Kahl, Karl Heinz"]
[Black "Buhlmann, Werner"]
[Result "1/2-1/2"]
[WhiteElo "2102"]
[BlackElo "2144"]
[PlyCount "40"]
[EventDate "2014.??.??"]
[EventType "tourn (corr)"]
[EventRounds "8"]
[EventCountry "GER"]
[SourceTitle "Corr 2015"]
[Source "ChessBase"]
[SourceDate "2015.07.17"]
[SourceVersion "1"]
[SourceVersionDate "2015.07.17"]
[SourceQuality "1"]

1. e4 c6 2. d4 d5 3. exd5 cxd5 4. c4 Nf6 5. Nc3 Nc6 6. Nf3 Bg4 7. cxd5 Nxd5 8. Qb3 Bxf3 9. gxf3 e6 10. Qxb7 Nxd4 11. Bb5+ Nxb5 12. Qc6+ Ke7 13. Qxb5 Nxc3 14. bxc3 Qd5 15. Rb1 Qxb5 16. Rxb5 a6 17. Rb7+ Kf6 18. Rg1 g6 19. Bg5+ Kg7 20. Bf4 Kf6 1/2-1/2

[Event "Remote Easter Gr.B email"]
[Site "Remote email"]
[Date "2014.05.01"]
[Round "?"]
[White "Kahl, Karl Heinz"]
[Black "Noack, Thomas"]
[Result "1-0"]
[WhiteElo "2194"]
[BlackElo "1964"]
[PlyCount "43"]
[EventDate "2014.??.??"]
[EventType "tourn (corr)"]
[EventRounds "8"]
[EventCountry "GER"]
[SourceTitle "Corr 2015"]
[Source "ChessBase"]
[SourceDate "2015.07.17"]
[SourceVersion "1"]
[SourceVersionDate "2015.07.17"]
[SourceQuality "1"]

1. d4 d5 2. c4 c6 3. Nf3 Nf6 4. Nc3 a6 5. e3 b5 6. b3 Bg4 7. Be2 e6 8. 0-0 Bd6 9. h3 Bh5 10. Bb2 0-0 11. Ne5 Bxe2 12. Nxe2 Qc7 13. Rc1 Qe7 14. Ng3 Nfd7 15. cxd5 cxd5 16. Qf3 Nf6 17. Rfe1 Nbd7 18. Rc6 Rac8 19. Rec1 Rxc6 20. Rxc6 Bxe5 21. dxe5 Ne8 22. Rxa6 1-0

[Event "Remote-ch Class3 Gr.C email"]
[Site "Remote email"]
[Date "2014.04.20"]
[Round "?"]
[White "Kahl, Karl Heinz"]
[Black "Skorna, Ullrich"]
[Result "0-1"]
[WhiteElo "2102"]
[BlackElo "2356"]
[PlyCount "82"]
[EventDate "2014.??.??"]
[EventType "tourn (corr)"]
[EventRounds "6"]
[EventCountry "GER"]
[SourceTitle "Corr 2015"]
[Source "ChessBase"]
[SourceDate "2015.07.17"]
[SourceVersion "1"]
[SourceVersionDate "2015.07.17"]
[SourceQuality "1"]

1. d4 e6 2. e4 d5 3. Nd2 Nc6 4. Ngf3 Nf6 5. e5 Nd7 6. Nb3 a5 7. a4 b6 8. Bb5 Na7 9. Be2 Be7 10. 0-0 c5 11. c4 Bb7 12. Bf4 Rc8 13. cxd5 Bxd5 14. Ba6 Rc7 15. dxc5 Bxc5 16. Bd3 Be7 17. Nfd4 g5 18. Bg3 h5 19. h3 g4 20. hxg4 h4 21. Bf4 h3 22. gxh3 Rxh3 23. f3 Bb4 24. Qe2 Qh4 25. Be4 Bc4 26. Bd3 Rh1+ 27. Kg2 Qh3+ 28. Kf2 Rh2+ 29. Bxh2 Qxh2+ 30. Ke3 Qxe5+ 31. Kf2 Bxd3 32. Qxd3 Qh2+ 33. Ke3 Nf6 34. Qe2 Nd5+ 35. Ke4 Qh7+ 36. Nf5 Re7 37. Rf2 Nf6+ 38. Kd3 exf5 39. Rh2 Qg6 40. Rh8+ Kd7 41. Qd1 Nd5 0-1

[Event "Remote S7E Starter-54 email"]
[Site "Remote email"]
[Date "2014.03.05"]
[Round "?"]
[White "Kahl, Karl Heinz"]
[Black "Buhlmann, Werner"]
[Result "1/2-1/2"]
[WhiteElo "2102"]
[BlackElo "2144"]
[PlyCount "102"]
[EventDate "2014.??.??"]
[EventType "tourn (corr)"]
[EventRounds "6"]
[EventCountry "GER"]
[SourceTitle "Corr 2015"]
[Source "ChessBase"]
[SourceDate "2015.07.17"]
[SourceVersion "1"]
[SourceVersionDate "2015.07.17"]
[SourceQuality "1"]

1. d4 Nf6 2. c4 e5 3. dxe5 Ng4 4. Bf4 Nc6 5. Nf3 Bb4+ 6. Nbd2 Qe7 7. a3 Ngxe5 8. Nxe5 Nxe5 9. e3 Bxd2+ 10. Qxd2 d6 11. Be2 0-0 12. 0-0 b6 13. b4 Bb7 14. Rac1 Nd7 15. Bd3 a5 16. Qc2 g6 17. f3 axb4 18. axb4 Qf6 19. Qd2 Ra3 20. Bb1 Rfa8 21. e4 Qe7 22. Rfd1 Bc6 23. Be3 Ba4 24. Re1 Bc6 25. Bd4 Bb7 26. Bb2 Rb3 27. Qc2 Rxb4 28. Qc3 Rxb2 29. Qxb2 Qg5 30. Qf2 Kg7 31. Bd3 Qe5 32. Bf1 f6 33. Red1 Nc5 34. Rc2 Bc6 35. Ra2 Ra5 36. Rdd2 h5 37. Rdb2 g5 38. Rxa5 bxa5 39. Ra2 a4 40. Qe3 g4 41. Be2 Bd7 42. Bd1 Kf7 43. Kh1 Ke7 44. Qd2 h4 45. Be2 h3 46. gxh3 gxf3 47. Bxf3 Bxh3 48. Rc2 Bd7 49. Qh6 Be6 50. Qe3 Kd7 51. Qg1 Bf7 1/2-1/2

[Event "Remote S7E Schnell-101 email"]
[Site "Remote email"]
[Date "2014.01.20"]
[Round "?"]
[White "Kahl, Karl Heinz"]
[Black "Krause, Peter"]
[Result "0-1"]
[WhiteElo "2129"]
[BlackElo "2462"]
[PlyCount "100"]
[EventDate "2014.??.??"]
[EventType "tourn (corr)"]
[EventRounds "6"]
[EventCountry "GER"]
[SourceTitle "Corr 2015"]
[Source "ChessBase"]
[SourceDate "2015.07.17"]
[SourceVersion "1"]
[SourceVersionDate "2015.07.17"]
[SourceQuality "1"]

1. d4 Nf6 2. c4 e6 3. Nf3 b6 4. g3 Bb7 5. Bg2 Bb4+ 6. Bd2 Bxd2+ 7. Qxd2 0-0 8. Nc3 d6 9. Qc2 c5 10. 0-0 Qe7 11. e4 Nc6 12. Rad1 e5 13. d5 Nd4 14. Qd3 Bc8 15. Nd2 h5 16. Nf3 Bg4 17. Rb1 Rab8 18. b4 Rfc8 19. b5 Ra8 20. a4 a6 21. bxa6 Rxa6 22. Rb2 Bd7 23. Rfb1 Rb8 24. Qd1 g6 25. h3 Kg7 26. Kh2 Qe8 27. Ra1 Rba8 28. Rba2 R8a7 29. Qb1 Bxa4 30. Qb2 Qa8 31. Nxa4 Rxa4 32. Rxa4 Rxa4 33. Rxa4 Qxa4 34. Qxb6 Nxf3+ 35. Bxf3 Qxc4 36. Qxd6 Qd4 37. Kg1 c4 38. Qa3 c3 39. Qc1 Qd3 40. Qd1 Qxd1+ 41. Bxd1 Nxe4 42. Kg2 Nd2 43. Ba4 e4 44. d6 Kf6 45. g4 h4 46. f4 e3 47. f5 g5 48. Bc2 Nc4 49. Kf3 Na3 50. Bb3 c2 0-1

[Event "Remote S7E Schnell-101 email"]
[Site "Remote email"]
[Date "2014.01.20"]
[Round "?"]
[White "Kahl, Karl Heinz"]
[Black "Pieleck, Rudolf"]
[Result "1-0"]
[WhiteElo "2129"]
[BlackElo "1573"]
[PlyCount "35"]
[EventDate "2014.??.??"]
[EventType "tourn (corr)"]
[EventRounds "6"]
[EventCountry "GER"]
[SourceTitle "Corr 2015"]
[Source "ChessBase"]
[SourceDate "2015.07.17"]
[SourceVersion "1"]
[SourceVersionDate "2015.07.17"]
[SourceQuality "1"]

1. e4 e6 2. d4 d5 3. Nc3 Bb4 4. e5 Ne7 5. a3 Bxc3+ 6. bxc3 Nbc6 7. Bd3 Ng6 8. Nf3 0-0 9. 0-0 Nce7 10. h4 Nf5 11. h5 Ngh4 12. Nh2 a5 13. Qg4 c6 14. Bg5 Nf3+ 15. Nxf3 Qc7 16. Bf6 g6 17. Bxf5 exf5 18. Qg5 1-0

[Event "Remote S7E Pioneer-60 email"]
[Site "Remote email"]
[Date "2013.12.13"]
[Round "?"]
[White "Kahl, Karl Heinz"]
[Black "Faust, Dieter"]
[Result "1/2-1/2"]
[WhiteElo "2129"]
[BlackElo "2062"]
[PlyCount "84"]
[EventDate "2013.??.??"]
[EventType "tourn (corr)"]
[EventRounds "6"]
[EventCountry "GER"]
[SourceTitle "Corr 2015"]
[Source "ChessBase"]
[SourceDate "2015.07.17"]
[SourceVersion "1"]
[SourceVersionDate "2015.07.17"]
[SourceQuality "1"]

1. e4 c5 2. Nf3 e6 3. d4 cxd4 4. Nxd4 a6 5. Bd3 Bc5 6. Nb3 Be7 7. 0-0 Qc7 8. f4 Nc6 9. Qg4 g6 10. Nc3 Nf6 11. Qf3 d6 12. Be3 0-0 13. a3 b5 14. Nd4 Bb7 15. Rad1 Rfd8 16. Nxc6 Bxc6 17. Qg3 d5 18. e5 Ne4 19. Nxe4 dxe4 20. Be2 Bd5 21. c3 Bb3 22. Rxd8+ Rxd8 23. Bd4 Qc6 24. Qe3 Kg7 25. Re1 Qd5 26. Qf2 a5 27. g3 Rc8 28. Bf1 b4 29. axb4 axb4 30. Qe3 Bc2 31. Rc1 Qb3 32. cxb4 Qxb4 33. Qf2 Qa4 34. Bg2 Rc4 35. Be3 Bd8 36. h3 Qb3 37. Bf1 Bd3 38. Rxc4 Qxc4 39. Bg2 Be7 40. Kh2 h6 41. Bd4 Bb4 42. Bb6 Qb3 1/2-1/2

[Event "Remote S7E Pioneer-60 email"]
[Site "Remote email"]
[Date "2013.12.13"]
[Round "?"]
[White "Kahl, Karl Heinz"]
[Black "Galje, Hans"]
[Result "1/2-1/2"]
[WhiteElo "2102"]
[BlackElo "2339"]
[PlyCount "84"]
[EventDate "2013.??.??"]
[EventType "tourn (corr)"]
[EventRounds "6"]
[EventCountry "GER"]
[SourceTitle "Corr 2015"]
[Source "ChessBase"]
[SourceDate "2015.07.17"]
[SourceVersion "1"]
[SourceVersionDate "2015.07.17"]
[SourceQuality "1"]

1. d4 Nf6 2. c4 e6 3. Nc3 Bb4 4. e3 0-0 5. Bd3 d5 6. Nf3 c5 7. 0-0 dxc4 8. Bxc4 Nbd7 9. Qe2 b6 10. Rd1 cxd4 11. exd4 Bxc3 12. bxc3 Qc7 13. Bd2 Bb7 14. Bd3 Rfe8 15. Re1 Rac8 16. Rac1 Qd6 17. Ba6 Qd5 18. Bxb7 Qxb7 19. c4 Qa6 20. Bg5 h6 21. Bxf6 Nxf6 22. Ne5 Red8 23. Red1 Nd7 24. Nf3 Nb8 25. Rc3 Nc6 26. a3 Qa5 27. Rcd3 b5 28. c5 Qa4 29. h3 Rd5 30. Qb2 a5 31. R1d2 Rcd8 32. Re3 Nxd4 33. Nxd4 Rxd4 34. Rxd4 Rxd4 35. Re1 Rd1 36. Rxd1 Qxd1+ 37. Kh2 Qd3 38. Qc1 b4 39. c6 Qd6+ 40. Kg1 Qc7 41. axb4 axb4 42. h4 b3 1/2-1/2

[Event "Remote S7E Pioneer-59 email"]
[Site "Remote email"]
[Date "2013.11.28"]
[Round "?"]
[White "Haas, Rainer Leo"]
[Black "Kahl, Karl Heinz"]
[Result "0-1"]
[WhiteElo "2118"]
[BlackElo "2194"]
[PlyCount "96"]
[EventDate "2013.??.??"]
[EventType "tourn (corr)"]
[EventRounds "6"]
[EventCountry "GER"]
[SourceTitle "Corr 2015"]
[Source "ChessBase"]
[SourceDate "2015.07.17"]
[SourceVersion "1"]
[SourceVersionDate "2015.07.17"]
[SourceQuality "1"]

1. e4 c5 2. Nc3 Nc6 3. f4 g6 4. g3 Bg7 5. Bg2 d6 6. d3 e6 7. Nf3 Nge7 8. Be3 Nd4 9. 0-0 0-0 10. Bf2 Nxf3+ 11. Bxf3 Nc6 12. Bg2 Nd4 13. e5 dxe5 14. fxe5 Bxe5 15. Ne4 f5 16. Nxc5 Qd6 17. b4 Rb8 18. c3 Nc6 19. d4 Bf6 20. Qb3 b6 21. Nd3 g5 22. Rae1 Bd7 23. Re2 Rbe8 24. Rfe1 Kh8 25. Ne5 Bxe5 26. dxe5 Qc7 27. Rd2 Nb8 28. b5 f4 29. c4 Bc8 30. gxf4 Rxf4 31. Be3 Rf7 32. Qd3 Nd7 33. Bc6 Rg8 34. Qd6 Nb8 35. Bg2 Rfg7 36. Rf2 Qxc4 37. Qxb8 Bb7 38. Qd6 Bxg2 39. Kxg2 g4 40. Rf8 Qxa2+ 41. Kh1 g3 42. Rxg8+ Rxg8 43. hxg3 Qc4 44. Bf4 Qc3 45. Rf1 Qc4 46. Re1 Qc3 47. Rc1 Qf3+ 48. Kh2 Qe2+ 0-1

[Event "Remote S7E Starter-49 email"]
[Site "Remote email"]
[Date "2013.11.09"]
[Round "?"]
[White "Biskopp, Wolf Ulrich"]
[Black "Kahl, Karl Heinz"]
[Result "1-0"]
[WhiteElo "2532"]
[BlackElo "2102"]
[PlyCount "107"]
[EventDate "2013.??.??"]
[EventType "tourn (corr)"]
[EventRounds "6"]
[EventCountry "GER"]
[SourceTitle "Corr 2015"]
[Source "ChessBase"]
[SourceDate "2015.07.17"]
[SourceVersion "1"]
[SourceVersionDate "2015.07.17"]
[SourceQuality "1"]

1. d4 Nf6 2. c4 e6 3. Nf3 b6 4. g3 Ba6 5. b3 Bb4+ 6. Bd2 Be7 7. Bg2 c6 8. Bc3 d5 9. 0-0 0-0 10. Nbd2 Nbd7 11. Re1 c5 12. e4 dxe4 13. Nxe4 Nxe4 14. Rxe4 Bb7 15. Re2 Bf6 16. Rd2 Qe7 17. Qc2 Rad8 18. Rad1 cxd4 19. Nxd4 Bxg2 20. Kxg2 Nc5 21. b4 Qb7+ 22. f3 Nd7 23. Nb5 Bxc3 24. Nxc3 Qc8 25. Qd3 h6 26. a4 Qb7 27. Qe4 Qc8 28. Qd4 Qc6 29. Qf4 Qc8 30. Ne4 Nb8 31. b5 Rxd2+ 32. Rxd2 Rd8 33. Rxd8+ Qxd8 34. Qe5 Kh7 35. a5 Nd7 36. Qd6 f5 37. Nf2 e5 38. axb6 axb6 39. Qe6 f4 40. Ne4 fxg3 41. hxg3 Nf6 42. Qxe5 Nxe4 43. Qxe4+ Kh8 44. Qc6 Qd2+ 45. Kh3 Qf2 46. c5 Qf1+ 47. Kh4 bxc5 48. b6 Qc4+ 49. f4 Qa6 50. Qe8+ Kh7 51. Qe4+ Kh8 52. b7 Qb5 53. Qd5 Qb6 54. Qd7 1-0

[Event "Remote S7E Starter-49 email"]
[Site "Remote email"]
[Date "2013.11.09"]
[Round "?"]
[White "Kahl, Karl Heinz"]
[Black "Hahner, Anton"]
[Result "0-1"]
[WhiteElo "2129"]
[BlackElo "2110"]
[PlyCount "104"]
[EventDate "2013.??.??"]
[EventType "tourn (corr)"]
[EventRounds "6"]
[EventCountry "GER"]
[SourceTitle "Corr 2015"]
[Source "ChessBase"]
[SourceDate "2015.07.17"]
[SourceVersion "1"]
[SourceVersionDate "2015.07.17"]
[SourceQuality "1"]

1. d4 Nf6 2. c4 e6 3. Nf3 d5 4. Nc3 c6 5. e3 Nbd7 6. Bd3 dxc4 7. Bxc4 b5 8. Bd3 a6 9. e4 c5 10. d5 Qc7 11. 0-0 c4 12. Bc2 Bb7 13. dxe6 fxe6 14. Nd4 Nc5 15. Be3 e5 16. Nf5 g6 17. Ng3 Rd8 18. Qf3 Be7 19. Bh6 Ne6 20. Nce2 Ng8 21. Bc1 h5 22. Re1 Bb4 23. Rd1 Rxd1+ 24. Bxd1 Be7 25. a4 b4 26. Bd2 Ng5 27. Bxg5 Bxg5 28. Nf1 Nf6 29. h4 Bxh4 30. Qh3 Bxf2+ 31. Kxf2 0-0 32. Ke1 Nxe4 33. Qe3 Qf7 34. Neg3 h4 35. Be2 hxg3 36. Nxg3 Nxg3 37. Qxg3 Be4 38. Rd1 c3 39. bxc3 b3 40. Qh4 b2 41. Qxe4 Qf2+ 42. Kd2 Rd8+ 43. Kc2 Rxd1 44. Qxg6+ Kf8 45. Qh6+ Ke7 46. Qg5+ Kd7 47. Qg4+ Kd6 48. Qb4+ Ke6 49. Qc4+ Kf6 50. Qxa6+ Kg5 51. Kxb2 Rd2+ 52. Kb3 Qxe2 0-1

[Event "Remote S7E-159 email"]
[Site "Remote email"]
[Date "2013.10.30"]
[Round "?"]
[White "Kahl, Karl Heinz"]
[Black "Baer, Cy"]
[Result "1-0"]
[WhiteElo "2129"]
[BlackElo "1697"]
[PlyCount "37"]
[EventDate "2013.??.??"]
[EventType "tourn (corr)"]
[EventRounds "6"]
[EventCountry "GER"]
[SourceTitle "Corr 2015"]
[Source "ChessBase"]
[SourceDate "2015.07.17"]
[SourceVersion "1"]
[SourceVersionDate "2015.07.17"]
[SourceQuality "1"]

1. e4 c5 2. Nf3 Nc6 3. Bb5 a6 4. Bxc6 dxc6 5. d3 g6 6. Nc3 Bg7 7. 0-0 e5 8. Be3 b6 9. a4 Be6 10. a5 Ne7 11. axb6 Qxb6 12. Na4 Qc7 13. Nxc5 Qc8 14. Nxe6 fxe6 15. Bc5 Qd7 16. Ra4 0-0 17. Qa1 Rxf3 18. gxf3 Nc8 19. Rxa6 1-0

[Event "Remote S7E-159 email"]
[Site "Remote email"]
[Date "2013.10.30"]
[Round "?"]
[White "Kahl, Karl Heinz"]
[Black "Faust, Dieter"]
[Result "1/2-1/2"]
[WhiteElo "2129"]
[BlackElo "2062"]
[PlyCount "76"]
[EventDate "2013.??.??"]
[EventType "tourn (corr)"]
[EventRounds "6"]
[EventCountry "GER"]
[SourceTitle "Corr 2015"]
[Source "ChessBase"]
[SourceDate "2015.07.17"]
[SourceVersion "1"]
[SourceVersionDate "2015.07.17"]
[SourceQuality "1"]

1. e4 c5 2. Nf3 Nc6 3. d4 cxd4 4. Nxd4 e5 5. Nb5 d6 6. c4 Be7 7. N1c3 a6 8. Na3 Be6 9. Nc2 Rc8 10. Nd5 Nf6 11. Bd3 b5 12. cxb5 axb5 13. Nxe7 Qxe7 14. 0-0 0-0 15. Bg5 Rfd8 16. Bxb5 h6 17. Bxf6 Qxf6 18. Qe2 Ne7 19. Nb4 d5 20. exd5 Nxd5 21. Nxd5 Bxd5 22. a4 Qg6 23. g3 Rc2 24. Qe3 Qg4 25. Rfb1 Bf3 26. Qxe5 Be4 27. Ra3 f6 28. Qe7 Rd1+ 29. Rxd1 Qxd1+ 30. Bf1 Qe1 31. Qa7 Rc1 32. Qa6 Rc2 33. Qb6 Rc1 34. Qb5 Bc6 35. Qb3+ Kh8 36. Qd3 Rd1 37. Qc4 Rd2 38. Qc5 Rd1 1/2-1/2